[Event "Mecklenburg VP Verbandsliga 2223"]
[Site "Mecklenburg VP"]
[Date "2023.02.26"]
[Round "6.6"]
[White "Glawe, Hartmut"]
[Black "Pawlicz, Dariusz"]
[Result "0-1"]
[WhiteElo "2017"]
[BlackElo "1613"]
[PlyCount "52"]
[EventDate "2022.10.23"]
[EventType "team-tourn"]
[EventRounds "9"]
[EventCountry "GER"]
[SourceTitle "EXT 2024"]
[Source "ChessBase"]
[SourceDate "2023.10.10"]
[SourceVersion "1"]
[SourceVersionDate "2023.10.10"]
[SourceQuality "1"]
[WhiteTeam "Stralsund HSG"]
[BlackTeam "Torgelow Droegeheide II"]
[WhiteTeamCountry "GER"]
[BlackTeamCountry "GER"]

1. d4 d5 2. Bf4 c5 3. e3 Nf6 4. Nd2 Nc6 5. c3 Bf5 6. Ngf3 c4 7. Be2 e6 8. Ne5 Bd6 9. Nxc6 bxc6 10. Qa4 Qc7 11. Bxd6 Qxd6 12. 0-0 0-0 13. b3 cxb3 14. axb3 c5 15. Rfc1 Rfc8 16. Qa3 Qb6 17. dxc5 Rxc5 18. c4 h6 19. b4 Rcc8 20. c5 Qc7 21. Ba6 Rd8 22. c6 d4 23. Bb7 Ng4 24. g3 dxe3 25. fxe3 Rxd2 26. Qa5 Nxh2 0-1

[Event "Mecklenburg VP Verbandsliga 2223"]
[Site "Mecklenburg VP"]
[Date "2022.11.06"]
[Round "2.5"]
[White "Borchert, Chris"]
[Black "Pawlicz, Dariusz"]
[Result "1-0"]
[WhiteElo "2143"]
[BlackElo "1613"]
[PlyCount "89"]
[EventDate "2022.10.23"]
[EventType "team-tourn"]
[EventRounds "9"]
[EventCountry "GER"]
[SourceTitle "EXT 2024"]
[Source "ChessBase"]
[SourceDate "2023.10.10"]
[SourceVersion "1"]
[SourceVersionDate "2023.10.10"]
[SourceQuality "1"]
[WhiteTeam "Wismar ASV Gruen-Weiss"]
[BlackTeam "Torgelow Droegeheide II"]
[WhiteTeamCountry "GER"]
[BlackTeamCountry "GER"]

1. d4 d5 2. Bg5 f6 3. Bf4 Nc6 4. Nf3 g5 5. Bg3 Nh6 6. e3 Nf5 7. c4 Be6 8. Nc3 h5 9. cxd5 Bxd5 10. Bd3 Nxg3 11. hxg3 e5 12. dxe5 Bb4 13. Bg6+ Kf8 14. e4 Bf7 15. Bxf7 Kxf7 16. Qb3+ Kg6 17. Qe6 Qe7 18. Qf5+ Kg7 19. Rd1 Rad8 20. Rxd8 Nxd8 21. exf6+ Qxf6 22. Qxg5+ Qxg5 23. Nxg5 Kg6 24. f4 c6 25. Ke2 Be7 26. Nf3 Kf6 27. g4 Ne6 28. g3 h4 29. g5+ Kg7 30. Nxh4 Nd4+ 31. Kf2 Rf8 32. Rd1 c5 33. Ne2 Kf7 34. Nxd4 cxd4 35. Nf5 Bc5 36. Nxd4 Rh8 37. Kf3 Rh2 38. Nb3 Be7 39. Rd2 Rh1 40. Kg4 b6 41. Kf5 a5 42. Nd4 Bb4 43. Rc2 Bc5 44. Ne6 Be7 45. Rc8 1-0